<?xml version="1.0" encoding="UTF-8"?>
<record
    xmlns:xsi="http://www.w3.org/2001/XMLSchema-instance"
    xsi:schemaLocation="http://www.loc.gov/MARC21/slim http://www.loc.gov/standards/marcxml/schema/MARC21slim.xsd"
    xmlns="http://www.loc.gov/MARC21/slim">

  <leader>01095nam a22002177a 4500</leader>
  <controlfield tag="005">20250728172133.0</controlfield>
  <controlfield tag="008">230812b           ||||| |||| 00| 0 eng d</controlfield>
  <datafield tag="020" ind1=" " ind2=" ">
    <subfield code="a">9789357013550</subfield>
  </datafield>
  <datafield tag="040" ind1=" " ind2=" ">
    <subfield code="c">AL</subfield>
  </datafield>
  <datafield tag="041" ind1=" " ind2=" ">
    <subfield code="a">English</subfield>
  </datafield>
  <datafield tag="082" ind1=" " ind2=" ">
    <subfield code="a">530.02</subfield>
    <subfield code="b">CHEN</subfield>
  </datafield>
  <datafield tag="100" ind1=" " ind2=" ">
    <subfield code="a">Melemnganba Chenglei W</subfield>
    <subfield code="9">129914</subfield>
  </datafield>
  <datafield tag="245" ind1=" " ind2=" ">
    <subfield code="a">NTA CSIR UGC NET SET JRF and Lecturership Physical Sciences</subfield>
  </datafield>
  <datafield tag="260" ind1=" " ind2=" ">
    <subfield code="a">New Delhi</subfield>
    <subfield code="b">Arihant Publications</subfield>
    <subfield code="c">2023</subfield>
  </datafield>
  <datafield tag="300" ind1=" " ind2=" ">
    <subfield code="a">1271p.</subfield>
    <subfield code="b">PB</subfield>
    <subfield code="c">27x21cm.</subfield>
  </datafield>
  <datafield tag="365" ind1=" " ind2=" ">
    <subfield code="2">General</subfield>
    <subfield code="a">3819</subfield>
    <subfield code="b">&#x20B9;792.00</subfield>
    <subfield code="c">&#x20B9;</subfield>
    <subfield code="d">&#x20B9;990.00</subfield>
    <subfield code="e">20%</subfield>
    <subfield code="f">10-8-2023</subfield>
  </datafield>
  <datafield tag="520" ind1=" " ind2=" ">
    <subfield code="a">Dimensional analysis vector and matrices; linear differential  equations and special functions; fourier series and laplace transform; complex analysis and probabilty; green s function and partial differential equations; numerical methods; tensors and group theory; newtonian mechanicsa and rigid body dynamics lagrangian and hamiltonian approach; special theory of relativity; basic electrostatis and magnetostatistics.</subfield>
  </datafield>
  <datafield tag="650" ind1=" " ind2=" ">
    <subfield code="2">Sciences</subfield>
    <subfield code="a">Physical Sciences</subfield>
    <subfield code="9">129915</subfield>
  </datafield>
  <datafield tag="700" ind1=" " ind2=" ">
    <subfield code="a">Ali, Ishrat; Singh, Dharamveer</subfield>
    <subfield code="9">129916</subfield>
  </datafield>
  <datafield tag="942" ind1=" " ind2=" ">
    <subfield code="2">ddc</subfield>
    <subfield code="c">BK</subfield>
  </datafield>
  <datafield tag="999" ind1=" " ind2=" ">
    <subfield code="c">228306</subfield>
    <subfield code="d">228306</subfield>
  </datafield>
  <datafield tag="952" ind1=" " ind2=" ">
    <subfield code="0">0</subfield>
    <subfield code="1">0</subfield>
    <subfield code="2">ddc</subfield>
    <subfield code="4">0</subfield>
    <subfield code="7">0</subfield>
    <subfield code="8">GEN</subfield>
    <subfield code="a">SACPG</subfield>
    <subfield code="b">SACPG</subfield>
    <subfield code="d">2023-08-11</subfield>
    <subfield code="e">Biblios Book Point</subfield>
    <subfield code="g">792.00</subfield>
    <subfield code="l">0</subfield>
    <subfield code="o">530.02 CHEN</subfield>
    <subfield code="p">PG024375</subfield>
    <subfield code="r">2023-08-12 00:00:00</subfield>
    <subfield code="v">990.00</subfield>
    <subfield code="w">2023-08-12</subfield>
    <subfield code="y">BK</subfield>
  </datafield>
</record>
